000 01201nab a2200241 i 4500
001 768714001
003 CO-MdFUSB
005 20240730100028.0
008 240730t1982 -us||||| |||| 00| 0 eng d
040 _bspa
_cCO-MdFUSB
_dCO-MdFUSB
041 _aeng
100 _aHollenbach, David,
_d1942-.
_eautor
245 1 _aHuman Rights and interreligious dialogue :
_bthe challenge to mission in a pluralistic world
_c/ David Hollenbach
520 _aEn este artículo se examina la relación entre los derechos humanos y las creencias religiosas, donde los autores evalúan algunas de las contribuciones positivas y los impedimentos negativos de las creencias de judíos, cristianos y musulmanes a la protección de los derechos humanos en Oriente Medio.
546 _aTexto en inglés.
650 7 _aPluralismo religioso
_9446
650 0 _aMisiones
_9154
650 7 _aDerechos humanos
_9296
650 0 _aCristianismo y otras religiones
_91247
773 0 _049483
_982873
_oR2701
_tInternational Bulletinof Missionary Research
_w(CO-MdFUSB)768714001
_x0272-6122
_gVolumen 6, (número 3, 1982), páginas: 98 - 101
_qpágina: 98
942 _cANA
945 _aCatherine Arias Álvarez - Practicante SENA
999 _c70601
_d70601